00329nam a2200121 a 45000010005000000030005000050050017000100080041000270400020000681000028000882450071001162600020001872962CDMR20130116135237.0130130s1974||||||||||||||||||||||||||||d aCDMRbcatcCDMR1 aGarcía Gaya, Santiago10aNoticias sobre el hundimiento del "Baleares"cSantiago Garcia Gaya aBarcelonac1974